Present status of railway freight transportation in Japan

Saved in:
Bibliographic Details
Corporate Author: International Cooperation Administration Japan Productivity Center
Format: Book
Language:Undetermined
Published: Japan International Cooperation Administration Japan Productivity Center 1960
Subjects:
Tags: Add Tag
No Tags, Be the first to tag this record!
Institutions: Trung tâm Học liệu Trường Đại học Cần Thơ
LEADER 00718nam a2200205Ia 4500
001 CTU_99492
008 210402s9999 xx 000 0 und d
082 |a 385.09 
082 |b I.61 
110 |a International Cooperation Administration Japan Productivity Center 
245 0 |a Present status of railway freight transportation in Japan 
245 0 |c International Cooperation Administration Japan Productivity Center 
260 |a Japan 
260 |b International Cooperation Administration Japan Productivity Center 
260 |c 1960 
650 |a Railroads and state 
650 |z Japan 
904 |i Giang 
910 |a Sửa Cutter thành I.61 
980 |a Trung tâm Học liệu Trường Đại học Cần Thơ